[Event "BIH-chT 29th"]
[Site "Bihac"]
[Date "2022.08.28"]
[Round "9.6"]
[White "Salkic, Midhat"]
[Black "Pestek, Elvis"]
[Result "1/2-1/2"]
[WhiteElo "2040"]
[BlackElo "1989"]
[PlyCount "34"]
[EventDate "2022.08.23"]
[EventType "tourn"]
[EventRounds "9"]
[EventCountry "BIH"]
[SourceTitle "CBM 210 Extra"]
[Source "ChessBase"]
[SourceDate "2022.11.30"]
[SourceVersion "1"]
[SourceVersionDate "2022.11.30"]
[SourceQuality "1"]

1. e4 e6 2. d4 d5 3. e5 c5 4. Nf3 Nc6 5. a3 Qc7 6. Bd3 f5 7. h4 c4 8. Be2 Bd7 9. Bg5 h6 10. Bf4 g6 11. Nc3 a6 12. Qd2 Nge7 13. 0-0 Rc8 14. g3 Bg7 15. Kg2 Nd8 16. Nd1 b5 17. c3 Rb8 1/2-1/2

[Event "BIH-chT 29th"]
[Site "Bihac"]
[Date "2022.08.25"]
[Round "5.6"]
[White "Salkic, Midhat"]
[Black "Sajin, Mirko"]
[Result "0-1"]
[WhiteElo "2040"]
[BlackElo "2094"]
[PlyCount "69"]
[EventDate "2022.08.23"]
[EventType "tourn"]
[EventRounds "9"]
[EventCountry "BIH"]
[SourceTitle "CBM 210 Extra"]
[Source "ChessBase"]
[SourceDate "2022.11.30"]
[SourceVersion "1"]
[SourceVersionDate "2022.11.30"]
[SourceQuality "1"]

1. e4 c5 2. d4 cxd4 3. c3 dxc3 4. Nxc3 Nc6 5. Nf3 d6 6. Bc4 e6 7. 0-0 Nf6 8. Qe2 Be7 9. Rd1 e5 10. h3 0-0 11. Bg5 Be6 12. Bb5 Ne8 13. Be3 Qb8 14. Nd5 Bd8 15. Rac1 Bxd5 16. exd5 Ne7 17. Ng5 Nf6 18. Bc4 a6 19. a4 Ba5 20. f4 b5 21. fxe5 dxe5 22. axb5 axb5 23. Bb3 Nf5 24. Bf2 Bb6 25. d6 Nd4 26. Qd3 h6 27. Nxf7 Rxf7 28. Bxf7+ Kxf7 29. Kh1 Qxd6 30. Bxd4 Bxd4 31. Qxb5 Kg8 32. Rc6 Qd5 33. Qb7 Rd8 34. Qa6 Ne4 35. Rf1 0-1

[Event "BIH-chT2"]
[Site "Bosna"]
[Date "2017.08.27"]
[Round "5.5"]
[White "Salkic, Midhat"]
[Black "Rahmanovic, Mesan"]
[Result "1-0"]
[WhiteElo "2025"]
[BlackElo "1943"]
[PlyCount "95"]
[EventDate "2017.08.25"]
[EventType "team-tourn"]
[EventRounds "9"]
[EventCountry "BIH"]
[SourceTitle "EXT 2019"]
[Source "ChessBase"]
[SourceDate "2018.10.10"]
[SourceVersion "1"]
[SourceVersionDate "2018.10.10"]
[SourceQuality "1"]

1. e4 e5 2. Nf3 d6 3. d4 exd4 4. Qxd4 c5 5. Bb5+ Bd7 6. Bxd7+ Nxd7 7. Qd3 Qb6 8. 0-0 Be7 9. c4 Ngf6 10. Nc3 h6 11. b3 Qc6 12. Nd5 Ng4 13. Bb2 Nge5 14. Nxe5 dxe5 15. Rad1 g5 16. Qh3 Rc8 17. Rd3 Qe6 18. Qxe6 fxe6 19. Nxe7 Kxe7 20. Rfd1 Rc7 21. f3 Rb8 22. Bc1 Nf8 23. h4 Kf6 24. hxg5+ hxg5 25. g3 b5 26. Rd8 Rcb7 27. cxb5 Rxb5 28. Be3 Rxd8 29. Rxd8 Ng6 30. Rc8 g4 31. fxg4 Rb4 32. g5+ Kf7 33. Rc7+ Kg8 34. Bxc5 Rxe4 35. Rxa7 Re1+ 36. Kf2 Rc1 37. b4 e4 38. Bd6 e5 39. b5 Rd1 40. Bb4 Rb1 41. a3 Rb2+ 42. Ke3 Rb3+ 43. Kxe4 Rxg3 44. b6 Rxg5 45. b7 Kh7 46. b8Q+ Kh6 47. Bd2 Kh5 48. Bxg5 1-0

[Event "BIH-chT2"]
[Site "Bosna"]
[Date "2017.08.26"]
[Round "3.4"]
[White "Salkic, Midhat"]
[Black "Redzepi, Mehmedalija"]
[Result "0-1"]
[WhiteElo "2025"]
[BlackElo "1921"]
[PlyCount "114"]
[EventDate "2017.08.25"]
[EventType "team-tourn"]
[EventRounds "9"]
[EventCountry "BIH"]
[SourceTitle "EXT 2019"]
[Source "ChessBase"]
[SourceDate "2018.10.10"]
[SourceVersion "1"]
[SourceVersionDate "2018.10.10"]
[SourceQuality "1"]

1. d4 Nf6 2. Nf3 g6 3. g3 Bg7 4. Bg2 0-0 5. 0-0 d6 6. b3 c5 7. e3 Bg4 8. Bb2 cxd4 9. exd4 Qd7 10. Nbd2 Nc6 11. Nc4 Bh3 12. a4 Rac8 13. Re1 Bxg2 14. Kxg2 Rfe8 15. c3 Nd5 16. Qd2 h6 17. Rad1 Nd8 18. Ng1 Ne6 19. f3 Nf8 20. Ne3 Nxe3+ 21. Rxe3 d5 22. Rde1 e6 23. Ba3 Nh7 24. Nh3 g5 25. Nf2 a5 26. h3 Nf6 27. Nd3 Nh5 28. g4 Nf6 29. Ne5 Qc7 30. Bb2 Nd7 31. Nxd7 Qxd7 32. Qd3 Qc7 33. Bc1 Qb6 34. Qb1 Rc7 35. Bd2 Qc6 36. Qd3 Rb8 37. R3e2 b5 38. h4 Bf6 39. Rh1 bxa4 40. bxa4 Qc4 41. Qe3 Rb3 42. Rf2 Rxc3 43. Bxc3 Qxc3 44. Qxc3 Rxc3 45. hxg5 hxg5 46. Rb1 Bxd4 47. Ra2 Bc5 48. Rb5 Bb4 49. Kf2 Kg7 50. Ke2 Kf6 51. Rb7 d4 52. Rd7 e5 53. Rb7 d3+ 54. Kd1 Rb3 55. Rb6+ Ke7 56. Rb7+ Ke6 57. Rb5 Rb1# 0-1

[Event "BIH-chT2"]
[Site "Bosna"]
[Date "2017.08.26"]
[Round "2.3"]
[White "Zupcevic, Nedim"]
[Black "Salkic, Midhat"]
[Result "1-0"]
[WhiteElo "2054"]
[BlackElo "2025"]
[PlyCount "135"]
[EventDate "2017.08.25"]
[EventType "team-tourn"]
[EventRounds "9"]
[EventCountry "BIH"]
[SourceTitle "EXT 2019"]
[Source "ChessBase"]
[SourceDate "2018.10.10"]
[SourceVersion "1"]
[SourceVersionDate "2018.10.10"]
[SourceQuality "1"]

1. f4 e5 2. fxe5 d6 3. Nf3 Nc6 4. e4 dxe5 5. Bb5 Bc5 6. h3 Nf6 7. d3 0-0 8. Bxc6 bxc6 9. Bg5 Qd6 10. Nc3 a5 11. Qd2 Ba6 12. Be3 Rab8 13. Bxc5 Qxc5 14. Na4 Qa7 15. Qf2 Qxf2+ 16. Kxf2 Nd7 17. c4 c5 18. g4 f6 19. Rab1 Rfd8 20. Ke3 Rb4 21. b3 Rbb8 22. g5 Kf7 23. h4 Bb7 24. h5 Bc6 25. Nc3 Nb6 26. h6 g6 27. gxf6 Kxf6 28. Rbf1 Ke7 29. Nxe5 Be8 30. a4 Rd6 31. Nb5 Rf6 32. Ng4 Rxf1 33. Rxf1 Nd7 34. Nxc7 Rxb3 35. Nxe8 Kxe8 36. Nf6+ Nxf6 37. Rxf6 Ra3 38. Rxg6 Rxa4 39. Rg7 Ra1 40. Rxh7 Rh1 41. Rh8+ Kf7 42. h7 Kg7 43. Ra8 Kxh7 44. Rxa5 Rh5 45. Ra6 Rh3+ 46. Kd2 Rh2+ 47. Kc3 Kg7 48. Rd6 Ra2 49. Kb3 Ra5 50. Rb6 Ra1 51. Rb5 Rd1 52. Kc2 Rh1 53. Rxc5 Kf6 54. Rd5 Ke6 55. c5 Rh8 56. Kc3 Rh3 57. Kc4 Rh1 58. Kd4 Rh2 59. Rd6+ Ke7 60. Kd5 Rh5+ 61. e5 Rh3 62. d4 Rc3 63. Ra6 Rd3 64. Ra7+ Kd8 65. c6 Rd2 66. Kc5 Rd1 67. d5 Rc1+ 68. Kd6 1-0

[Event "BIH-ch"]
[Site "Lukavac"]
[Date "2016.04.03"]
[Round "7"]
[White "Vajic, Goran"]
[Black "Salkic, Midhat"]
[Result "1-0"]
[WhiteElo "2306"]
[BlackElo "2028"]
[PlyCount "75"]
[EventDate "2016.03.31"]
[EventType "swiss"]
[EventRounds "7"]
[EventCountry "BIH"]
[SourceTitle "CBM 171 Extra"]
[Source "ChessBase"]
[SourceDate "2016.04.26"]
[SourceVersion "1"]
[SourceVersionDate "2016.04.26"]
[SourceQuality "1"]

1. e4 e5 2. Nf3 Nc6 3. d4 exd4 4. Bc4 Nf6 5. e5 d5 6. Bb5 Ne4 7. Nxd4 Bd7 8. Bxc6 bxc6 9. 0-0 Bc5 10. f3 Ng5 11. f4 Ne4 12. Be3 0-0 13. Nd2 f5 14. Nxe4 dxe4 15. Qd2 Bxd4 16. Qxd4 Be6 17. Qa4 Qd5 18. b3 Qb5 19. Qd4 Rfd8 20. Qc3 Rd5 21. Rad1 Rad8 22. Rxd5 Qxd5 23. Bxa7 Qd2 24. Qxd2 Rxd2 25. Rc1 g5 26. g3 gxf4 27. gxf4 Bc8 28. Bc5 Kf7 29. a4 Ba6 30. c4 Rd3 31. b4 Rf3 32. b5 cxb5 33. cxb5 Bb7 34. Ba7 Bd5 35. Rxc7+ Ke6 36. Bc5 Bc4 37. b6 e3 38. Bxe3 1-0

[Event "BIH-ch"]
[Site "Lukavac"]
[Date "2016.04.02"]
[Round "5"]
[White "Sabic, Muris"]
[Black "Salkic, Midhat"]
[Result "0-1"]
[WhiteElo "1983"]
[BlackElo "2028"]
[PlyCount "84"]
[EventDate "2016.03.31"]
[EventType "swiss"]
[EventRounds "7"]
[EventCountry "BIH"]
[SourceTitle "CBM 171 Extra"]
[Source "ChessBase"]
[SourceDate "2016.04.26"]
[SourceVersion "1"]
[SourceVersionDate "2016.04.26"]
[SourceQuality "1"]

1. e4 c5 2. Nf3 a6 3. c3 d5 4. exd5 Qxd5 5. d4 Nf6 6. Be2 e6 7. 0-0 Be7 8. Ne5 0-0 9. Bf3 Qd8 10. Bf4 cxd4 11. cxd4 Nd5 12. Bg3 b5 13. Nc3 Bb7 14. Rc1 Bg5 15. Rc2 Nd7 16. Nd3 Nxc3 17. bxc3 Bxf3 18. Qxf3 Qb6 19. h4 Bf6 20. Nf4 Rac8 21. Re2 Qa5 22. Nh5 Rxc3 23. Nxf6+ Nxf6 24. Re3 Rxe3 25. fxe3 Qxa2 26. Be5 Qd5 27. Qe2 Ne4 28. Qg4 f6 29. Bh2 b4 30. h5 b3 31. h6 g6 32. Qe2 Ra8 33. Rc1 Qb5 34. Qb2 a5 35. Rc7 a4 36. Rg7+ Kh8 37. Qa3 b2 38. Rxh7+ Kxh7 39. Qe7+ Kxh6 40. Bf4+ g5 41. Qxe6 b1Q+ 42. Kh2 gxf4 0-1

[Event "BIH-ch"]
[Site "Lukavac"]
[Date "2016.04.01"]
[Round "2"]
[White "Salkic, Midhat"]
[Black "Obad, Andrija"]
[Result "0-1"]
[WhiteElo "2028"]
[BlackElo "2238"]
[PlyCount "124"]
[EventDate "2016.03.31"]
[EventType "swiss"]
[EventRounds "7"]
[EventCountry "BIH"]
[SourceTitle "CBM 171 Extra"]
[Source "ChessBase"]
[SourceDate "2016.04.26"]
[SourceVersion "1"]
[SourceVersionDate "2016.04.26"]
[SourceQuality "1"]

1. e4 c5 2. d4 cxd4 3. c3 dxc3 4. Nxc3 Nc6 5. Nf3 d6 6. Bc4 a6 7. 0-0 Nf6 8. h3 e6 9. Qe2 Be7 10. Rd1 Qc7 11. Bf4 Ne5 12. Bxe5 dxe5 13. Rac1 Qb8 14. a4 0-0 15. g4 b6 16. Nh2 Rd8 17. g5 Nd7 18. h4 Nf8 19. Rxd8 Bxd8 20. Qd2 Be7 21. h5 Bb7 22. Nf3 Qd8 23. Qe3 Bc5 24. Qe2 Bd4 25. Kh2 Qe7 26. Rg1 Qc5 27. g6 fxg6 28. hxg6 h6 29. Nd1 Qe7 30. Rg3 Qf6 31. Ne3 Bxe4 32. Nxd4 Qh4+ 33. Rh3 Qf4+ 34. Kg1 exd4 35. Ng2 Qf5 36. Rg3 Bd5 37. Bd3 Qf6 38. f4 b5 39. a5 Rc8 40. Qd2 Rc5 41. b4 Rc3 42. Ne1 Be4 43. Kf2 Bxg6 44. Rf3 Qh4+ 45. Kf1 Qh1+ 46. Kf2 Bxd3 47. Rxd3 Qh4+ 48. Kg2 Ng6 49. Rxc3 dxc3 50. Qxc3 Nxf4+ 51. Kf1 Qh1+ 52. Kf2 Qh2+ 53. Kf1 Qe2+ 54. Kg1 Qe4 55. Kf2 Nd5 56. Qb2 Qxb4 57. Qe2 Qh4+ 58. Kg1 Qd4+ 59. Kh2 Qf4+ 60. Kh1 Qe3 61. Qf1 Nf4 62. Ng2 Qh3+ 0-1

[Event "Bihac-chT1"]
[Site "Bihac"]
[Date "2014.08.24"]
[Round "3"]
[White "Salkic, Midhat"]
[Black "Mumanovic, Adis"]
[Result "1/2-1/2"]
[WhiteElo "2049"]
[BlackElo "2020"]
[PlyCount "63"]
[EventDate "2014.08.23"]
[EventType "swiss"]
[EventRounds "9"]
[EventCountry "BIH"]
[SourceTitle "EXT 2015"]
[Source "ChessBase"]
[SourceDate "2014.11.20"]
[SourceVersion "1"]
[SourceVersionDate "2014.11.20"]
[SourceQuality "1"]

1. e4 c6 2. d4 d5 3. exd5 cxd5 4. Bf4 Nc6 5. c3 Bf5 6. Bd3 Bxd3 7. Qxd3 e6 8. Nf3 Bd6 9. Bxd6 Qxd6 10. Nbd2 Nf6 11. 0-0 0-0 12. Rfe1 Ne7 13. Ne5 Ng6 14. g3 Nd7 15. f4 Ndxe5 16. fxe5 Qb6 17. Rab1 f6 18. Nf3 fxe5 19. Nxe5 Nxe5 20. Rxe5 Rf6 21. Qe2 Raf8 22. Re1 Rf2 23. Qg4 Qxb2 24. Qxe6+ Kh8 25. Qxd5 Qxc3 26. Qe4 Qc4 27. d5 Rf1+ 28. Kg2 Qxa2+ 29. Re2 R1f2+ 30. Kh3 Rxe2 31. Qxe2 Qxe2 32. Rxe2 1/2-1/2